01188 2200277 4500001002100000005001500021035002000036007000300056008004100059020001800100082001000118084001600128100002800144245007800172250002000250300003500270650002100305505037900326740006300705264003600768336002100804337003000825338002300855990001600878990001600894INLIS00000000000007820260413125333 a0010-0426000077ta260413 g 0 ind  a9789797566739 a005.1 a005.1 AFA e0 aAfandi, A.N.ePengarang1 a60 menit menguasai edsa : software aplikasi tenaga listrik /cA.N. Afandi acetakan pertama a174 halaman :bilustrasi ;c23 4aProgram Komputer aBuku ini membahas penggunaan software EDSA sebagai alat bantu dalam analisis dan perancangan sistem tenaga listrik. Materi disajikan secara praktis, meliputi pengenalan fitur, simulasi sistem, serta penerapan dalam perhitungan dan evaluasi jaringan listrik. Buku ini ditujukan bagi pengguna yang ingin memahami penggunaan aplikasi tenaga listrik secara cepat dan efektif. a60 menit menguasai edsa : software aplikasi tenaga listrik aYogyakarta :bGraha Ilmu,c2010 2rdacontentateks 2rdamediaatanpa perantara 2rdacarrieravolume aPP000136/19 aPP000283/19